Francais. Com: Methode de francais professionel et des affaires (Record no. 893)

MARC details
005 - DATE AND TIME OF LATEST TRANSACTION
control field 20250318102441.0
020 ## - INTERNATIONAL STANDARD BOOK NUMBER
International Standard Book Number 978-2-09-035424-9
082 ## - DEWEY DECIMAL CLASSIFICATION NUMBER
Classification number 445 PEN
100 ## - MAIN ENTRY--PERSONAL NAME
Author name PENFORNIS, J. L.
245 ## - TITLE STATEMENT
Title Francais. Com: Methode de francais professionel et des affaires
260 ## - PUBLICATION, DISTRIBUTION, ETC.
Place of publication, distribution, etc. Paris,
Name of publisher, distributor, etc. Cle International,
Date of publication, distribution, etc. 2007.
300 ## - PHYSICAL DESCRIPTION
Extent 155p.: ill.; picture, table.
Other physical details Index.
Dimensions 29cm.
942 ## - ADDED ENTRY ELEMENTS (KOHA)
Source of classification or shelving scheme Dewey Decimal Classification
Koha item type Books
Holdings
Date last seen Total checkouts Full call number Barcode Cost, replacement price Price effective from Koha item type Lost status Source of classification or shelving scheme Damaged status Not for loan Withdrawn status Home library Current library Shelving location Date acquired Cost, normal purchase price
03/18/2025   445 PEN 0000003570 84120.00 03/18/2025 Books   Dewey Decimal Classification       College of Business Education Main Library College of Business Education Main Library General Collection 03/18/2025 28040.00